Derrotando al cáncer : (Record no. 22464)

000 -CABECERA
fixed length control field 00891nam a22002417a 4500
003 - IDENTIFICADOR DEL NÚMERO DE CONTROL
control field AR-CdUCM
008 - DATOS DE LONGITUD FIJA--INFORMACIÓN GENERAL
fixed length control field 190319b ||||| |||| 00| 0 spa d
020 ## - NÚMERO INTERNACIONAL ESTÁNDAR DEL LIBRO
ISBN 9786124242397
040 ## - FUENTE DE LA CATALOGACIÓN
Agencia/entidad que catalogó originalmente la obra MUNICIPALIDAD PROVINCIAL DEL CUSCO
Entidad que transcribió la catalogación BIBLIOTECA MUNICIPAL DEL CUSCO
082 ## - NÚMERO DE LA CLASIFICACIÓN DECIMAL DEWEY
No. de Clasificación 616.994/V23D
Notacion interna V23D
100 ## - ENTRADA PRINCIPAL--NOMBRE DE PERSONA
Nombre Personal Vallejos Sologuren, Carlos Santiago
245 ## - MENCIÓN DE TÍTULO
Título Derrotando al cáncer :
Resto del título reseña histórica de la oncología médica en el Perú /
Mención de responsabilidad Carlos Vallejos Sologuren
260 ## - PUBLICACIÓN, DISTRIBUCIÓN, ETC.
Lugar de publicación, distribución, etc. Lima :
Nombre de la editorial, distribuidor, etc. Universidad Peruana Cayetano Heredia,
Fecha de publicación, distribución, etc. 2019.
300 ## - DESCRIPCIÓN FÍSICA
Nº de Páginas Extensión 254 páginas. :
Otros detalles físicos il. (algunas col.), retrs. ;
Dimensiones 24 cm.
500 ## - NOTA GENERAL
Bibliografía Bibliografía: p. [247]-254.
650 ## - PUNTO DE ACCESO ADICIONAL DE MATERIA--TÉRMINO DE MATERIA
Descriptor Oncología
9 (RLIN) 48261
650 ## - PUNTO DE ACCESO ADICIONAL DE MATERIA--TÉRMINO DE MATERIA
Descriptor Cáncer
9 (RLIN) 48262
650 ## - PUNTO DE ACCESO ADICIONAL DE MATERIA--TÉRMINO DE MATERIA
Descriptor Tratamiento
9 (RLIN) 20821
650 ## - PUNTO DE ACCESO ADICIONAL DE MATERIA--TÉRMINO DE MATERIA
Descriptor Investigación
9 (RLIN) 1940
710 ## - PUNTO DE ACCESO ADICIONAL--NOMBRE DE ENTIDAD CORPORATIVA
Nombre corporativo (En letras Mayúsculas) Universidad Peruana Cayetano Heredia
9 (RLIN) 48263
942 ## - ELEMENTOS DE PUNTO DE ACCESO ADICIONAL (KOHA)
Fuente de clasificación
Tipo de item Libros-BMC
945 ## - PROCESAMIENTO DE INFORMACIÓN LOCAL (OCLC)
Catalogador rac
Holdings
Estado de retiro (separado) Fuente de clasificación o esquema de estanterías Estado dañado Ubicación Sala donde se ubica Nombre de la colección Fecha de adquisición o compra Fuente de adquisición Costo, precio normal en soles Signatura topográfica Código de Barras Última vez visto (Koha) Tipo de ítem (Koha)
No     Sala Ciencias Sala Ciencias Book Cart 2022-08-29 Donación 65.00 616.994/V23D SC0000002335 2022-08-29 Libros-BMC
No     Sala Ciencias Sala Ciencias Book Cart 2022-08-29 Donación 65.00 616.994/V23D/e.2 SC0000002336 2022-08-29 Libros-BMC

Powered by Koha